00610 2200217 4500001002100000005001500021035002000036007000300056008004100059020002200100082000800122084001400130100002700144245007400171250001700245260003100262300003800293650003200331505001200363990001700375INLIS00000000001000220260513012627 a0010-0526000036ta260513 g 0 ind  a978-979-8433-84-9 a663 a663 LEN t0 aLeni Herliani Afrianti1 aTeknologi Pengawetan Pangan :bEdisi Revisi /cLeni Herliani Afrianti a2, Cet. Ke-3 aBandung :bAlfabeta,c2022 axiv, 306 hlm :bilus. ;c16x24 cm 4aTeknologi Pengawetan Pangan ahlm.306 a202500223304